1970 1510 1679 1194 1890 1243 1231 1722 1146 1936 1687 1932 1581 1639 1181 1062 1233 1059 1439 1024 1164 1728 1229 1752 1785 1473 1009 1038 1056 1419 1446 1390 1054 1591 1703 1822 1884 1264 2000 1488 1703 1256 1366 1303 1972 1661 1204 1096 1500 1752 1302 1071 1124 1298 1352 1909 1748 1768 1459 1536 1793 1848 1247 1255 1631 1951 1582 1119 1357 1829 1203 1764 1902 1064 1602 1791 1798 1391 1582 1793 1654 1145 1765 1942 1682 1831 1508 1836 1125 1771 1502 1122 1199 1346 1160 1994 1883 1050 1403 BCNSPRNW ULIB Ver.6.0+V

เปลี่ยนเป็นภาษาไทย

Change to English
 แสดงรายละเอียดบรรณานุกรม
  กลับหน้าหลัก

Brief Record : Get Marc (ISO 2709) : E-mail record : QR code < ปิดหน้าต่าง
LEADER : 00000nam 2200000uu 4500
001    13399113567
003     ULIB
008    111128s2551||||th 000 0 tha d
020    ^a9789740502135
090    ^aนว.^bง281อ 2551
100 0  ^aเงาตะวัน
245 00 ^aอามิเรร่าธิดาแห่งธีบิส/^cเงาตะวัน
250    ^aพิมพ์ครั้งที่ 1
260    ^aกรุงเทพฯ :^bลีลา,^c2551
300    ^a294 หน้า
710 1  ^aลีลา
945    ^p200^l0^i15037
995    ^aกัณชพร
999    ^aใช้งานได้ทุกระบบ
รายการนี้ยังไม่มีแท็ก
คุณยังไม่ได้ล็อกอิน คุณสามารถมีกิจกรรมร่วมกับเว็บไซต์ได้ แต่ต้องล็อกอินก่อน ::
  ล็อกอิน

รายการสื่อสารสนเทศ

ลำดับที่ ประเภท เลขเรียก/บาร์โค้ด สถานที่ สถานะ
1. วิทยาศาสตร์การแพทย์ และสุขภาพ
วิทยาศาสตร์การแพทย์ และสุขภาพ
นว. ง281อ 2551  
  Barcode: 15037
ห้องสมุดวิทยาเขตสวรรค์ประชารักษ์
►นวนิยาย
บนชั้น
  ขอยืม

รายการใกล้เคียง
    ผู้แต่ง [เงาตะวัน]

BibComment


ยังไม่เคยถูกคอมเมนท์

คอมเมนท์ทรัพยากรรายการนี้
  คอมเมนท์: อามิเรร่าธิดาแห่..


 Copyright 2026. Bcnsprnw @Library